| 000 | 00872nam a2200325 a 4500 | ||
|---|---|---|---|
| 003 | AR-BaBNM | ||
| 005 | 20251128202816.0 | ||
| 008 | 082120s2002 ||||||||||||||000 | spa|| | ||
| 040 | _cAR-BaBNM | ||
| 100 | 1 | _aVivante, Armando | |
| 245 | 0 | 0 | _aMuerte, magia y religión en el folklore |
| 260 |
_aBuenos Aires _bLajouane _c1953 |
||
| 300 |
_a71 p. _bil. |
||
| 490 | 0 | _aLajouane de folklore argentino | |
| 500 | _aContiene índice de las materias en p. 71 | ||
| 650 | 4 | _aPRACTICA RELIGIOSA | |
| 650 | 4 | _aCREENCIA RELIGIOSA | |
| 650 | 4 | _aMISTICISMO | |
| 650 | 4 | _aEUTANASIA | |
| 650 | 4 | _aMUERTE | |
| 650 | 4 | _aCOSTUMBRES Y TRADICIONES | |
| 650 | 4 | _aMAGIA | |
| 650 | 4 | _aRITOS | |
| 650 | 4 | _aSUPERSTICION | |
| 650 | 4 | _aRELIGIONES PRIMITIVAS | |
| 650 | 4 | _aPRACTICAS ESOTERICAS | |
| 800 | 1 |
_aCortazar, Augusto Raúl _edirector |
|
| 942 | _cBK | ||
| 998 | _cisola | ||
| 999 |
_c679 _d679 |
||